00563 2200193 4500001002100000005001500021035002000036007000300056008003900059082001000098084001600108100001900124245009300143260005300236300004200289650001100331650001400342022001300356INLIS00000000000099220240919104103 a0010-0924000070ta240919 | | |  a633.1 a633.1 IND g0 aIndrasari, S D1 aGrain Quality Evaluation of Several Upland Rice Varieties in Indonesia /cIndrasari, S D aUnited Kingdom, Bristol :bIOP Publishing,c2024 a1-11 hlm, :bilus, ;c21 cm X 29,5 cm 4aJurnal 4aPadi Gogo a17551315